| 000 | 00970nam a2200289 a 4500 | ||
|---|---|---|---|
| 001 | BRL_1445 | ||
| 005 | 20190320211217.0 | ||
| 008 | 150114s1981----mx-ba#####---#001-0#spa-# | ||
| 020 | _a9682310687 | ||
| 040 |
_aDLC _cDLC _dDLC |
||
| 041 | _aspa | ||
| 044 | _amx | ||
| 050 | 4 |
_aE78.N78 _b.L45 1981 |
|
| 100 | 1 |
_aLévi-Strauss, Claude _926944 |
|
| 245 | 1 | 0 |
_aLa vía de las máscaras _cClaude Lévi-Strauss ; traducción de J. Almela. |
| 250 | _aEdición revisada, aumentada y prolongada por Tres Excursiones | ||
| 260 |
_aMexico _bSiglo XXI _c1981 |
||
| 300 |
_a211 p. _bil., mapas, láminas (a color) _c19 cm. |
||
| 500 | _aAu1810 | ||
| 500 | _aTraducción de: La voie des masques, édition revue, augmentée, et rallongée de trois excursions. | ||
| 504 | _aBibliografía: p. 196-211 | ||
| 650 | 1 | 4 |
_aIndígenas de América del Norte _xMáscaras _926945 |
| 650 | 1 | 4 |
_aMáscaras _918335 |
| 700 | 1 |
_aAlmela, J. _etr. _926946 |
|
| 902 | _aGRL | ||
| 942 |
_2lcc _cB |
||
| 999 |
_c10255 _d10255 |
||